| 000 | 00810cas a22002531 4500 | ||
|---|---|---|---|
| 008 | |||
| 022 | 0 | _a0121581071 (pbk) | |
| 049 | _aMAIN | ||
| 090 |
_aQP514 _bESS |
||
| 210 | 0 | _aEssays biochem. | |
| 245 | 0 | 0 |
_aEssays in biochemistry _nvol. 7 / _cedited for The Biochemical Society by P. N. Campbell, F. Dickens. |
| 260 |
_aLondon : _bPublished for the Biochemical Society by Academic Press _c1971. |
||
| 300 |
_av. : _bill. ; _c23 cm. |
||
| 510 | 2 | _aLife sciences collection. | |
| 650 | 0 |
_aBiochemistry _xPeriodicals. |
|
| 700 | 1 | _aCampbell, P. N. | |
| 700 | 1 | _aDickens, F. | |
| 710 | 2 | _aBiochemical Society (Great Britain) | |
| 907 |
_a.b10229796 _b24-04-13 _c09-02-07 |
||
| 003 | |||
| 005 | 20230123134350.0 | ||
| 040 | _cNUST | ||
| 942 |
_cBOOKS _kQP514 _mESS |
||
| 999 |
_c164650 _d164650 |
||